Harry Potter General Knowledge - Statistics

General Stats
  • This quiz has been taken 5,953 times
  • The average score is 7 of 14
Answer Stats
Hint Answer % Correct
Who is the Half-blood Prince? Severus Snape
98%
What gender do unicorns prefer to go near? Female
91%
What did Ron throw up in the second book? Slugs
85%
What is the name of Filch's cat? Mrs Norris
73%
What did Professor Trelawney see in Harry's cup? The Grim
73%
Which town do the Dursley's live in? Little Whinging
60%
"Turn to page ___" 394
51%
What was the colour of Percy's robes at the Yule ball? Navy Blue
36%
Who was the first owner of the invisibility cloak? Ignotus Peverell
31%
In what year did Dumbledore defeat Grindelwald? 1945
27%
How many staircases are in Hogwarts? 142
23%
What is the middle name of the author? Kathleen
23%
What is the spell to cast the dark mark? Morsmorde
19%
Which Quidditch World Cup did Harry go to see? 422nd
7%
No matching quizzes found
Score Distribution
Percent of People with Each Score
Percentile by Number Answered
Your Score History
You have not taken this quiz